000
00283nam a22001337a 4500
003
SGT
082
_a
635
_b
BUT
100
_a
BUTZ EARL L
245
_a
THE YEARBOOK OF AGRICULTURE
260
_a
U S A
_b
U S AGRI DEPARTMENT
_c
1972
300
_a
375
650
_a
AG
942
_2
ddc
_c
RARE
999
_c
33732
_d
33732